00730nam a2200193 a 45000010005000000030005000050050017000100080041000270400026000681110082000942450133001762600025003096500019003346500027003536500038003807100033004187100042004517100043004934859CDMR20151016130602.0130130s1998||||||||||||||||||||||||||||d aCDMRbcatcCPC LLEIDA2 aCongrés Internacional de la Publicació ElectrònicacBarcelonad1998n1r10aI Congrés Internacional de la Publicació Electrònicab: Barcelona, 15, 16 i 17 de maig de 1998 : ponències i conclusions aBarcelonac1998bUPC04aPremsa digital04aEdició electrònica04aMitjans de comunicació digitals2 aGrup de Periodistes Digitals2 aCol·legi de Periodistes de Catalunya2 aUniversitat Politècnica de Catalunya